000
00281nam a22001217a 4500
082
_a
621.31 STE'E
100
_a
FORD, W. B,STEINBERG, W. F
_9
78326
245
_a
ELECTRICITY AND ELECTRONIC BASIC
250
_a
3RD
260
_a
USA
_b
AMERICAN
_c
1964
300
_a
336P
942
_c
BK
999
_c
583468
_d
583468